| 000 | 00907nam a22002057a 4500 | ||
|---|---|---|---|
| 005 | 20100818105822.0 | ||
| 010 | _aHIN-90189 | ||
| 020 |
_a9788188135424 _c195.00 |
||
| 035 | _aHN-62535 | ||
| 037 | _bDBAD / PUB | ||
| 082 | _a500 | ||
| 100 |
_aभाटिया, सुदर्शन _914646 |
||
| 245 |
_aचाँद पर तिरंगा / _bसुदर्शन भाटिया |
||
| 246 |
_aChand par Tiranga _bby Sundarshan Bhatia |
||
| 260 |
_aनई दिल्ली _bअनुरोध प्रकाशन _c2010 |
||
| 270 |
_aडी-75 बी, निहाल विहार _bनई दिल्ली _e110041 |
||
| 300 |
_a128पृ. _c22सेमी (सजिल्द) |
||
| 942 |
_2ddc _cHN _h500 _mभाटिया |
||
| 999 |
_c42382 _d42382 |
||